El Reto de articular una agenda social en comunicación /

Kaydedildi:
Detaylı Bibliyografya
Yazar: Burch, Sally
Materyal Türü: Metin
Konular:
Etiketler: Etiketle
Etiket eklenmemiş, İlk siz ekleyin!

MARC

LEADER 00000 a a2200000 04500
001 2393
003
040
100 |a Burch, Sally  
245 |a El Reto de articular una agenda social en comunicación /  |c Sally Burch 
650 |a COMUNICACION DE MASAS  
650 |a COMUNICACION PARA EL DESARROLLO  
650 |a DEMOCRATIZACION  
650 |a POLITICA DE COMUNICACION  
773 |g número 28; páginas 28-  
999 |c 28275  |d 28275